000 00276nam a22001097a 4500
008 230627b xxu||||| |||| 00| 0 eng d
082 _a338.176
_bPSC 2005
245 _aReinforcement of Pastoral Civil Society in East Africa
260 _c2005
300 _a13p
942 _2ddc
_cBK
999 _c2867
_d2867